<?xml version="1.0" encoding="UTF-8"?><?xml-stylesheet type="text/xsl" href="static/style.xsl"?><OAI-PMH xmlns="http://www.openarchives.org/OAI/2.0/" xmlns:xsi="http://www.w3.org/2001/XMLSchema-instance" xsi:schemaLocation="http://www.openarchives.org/OAI/2.0/ http://www.openarchives.org/OAI/2.0/OAI-PMH.xsd"><responseDate>2026-04-17T20:34:52Z</responseDate><request verb="GetRecord" identifier="oai:www.recercat.cat:2072/449564" metadataPrefix="marc">https://recercat.cat/oai/request</request><GetRecord><record><header><identifier>oai:recercat.cat:2072/449564</identifier><datestamp>2026-01-17T20:15:07Z</datestamp><setSpec>com_2072_98</setSpec><setSpec>col_2072_378194</setSpec></header><metadata><record xmlns="http://www.loc.gov/MARC21/slim" xmlns:dcterms="http://purl.org/dc/terms/" xmlns:xsi="http://www.w3.org/2001/XMLSchema-instance" xmlns:doc="http://www.lyncode.com/xoai" xsi:schemaLocation="http://www.loc.gov/MARC21/slim http://www.loc.gov/standards/marcxml/schema/MARC21slim.xsd">
   <leader>00925njm 22002777a 4500</leader>
   <datafield ind2=" " ind1=" " tag="042">
      <subfield code="a">dc</subfield>
   </datafield>
   <datafield ind2=" " ind1=" " tag="720">
      <subfield code="a">Carrasquer, Pilar</subfield>
      <subfield code="e">author</subfield>
   </datafield>
   <datafield ind2=" " ind1=" " tag="720">
      <subfield code="a">Sánchez Mira, Núria</subfield>
      <subfield code="e">author</subfield>
   </datafield>
   <datafield ind2=" " ind1=" " tag="720">
      <subfield code="a">López Andreu, Martí</subfield>
      <subfield code="e">author</subfield>
   </datafield>
   <datafield ind2=" " ind1=" " tag="260">
      <subfield code="c">2017</subfield>
   </datafield>
   <datafield ind2=" " ind1=" " tag="520">
      <subfield code="a">La comunicación trata de poner de relieve y analizar algunos de los principales elementos que dificultan la implementación y eficacia de políticas públicas orientadas a la reducción de la Brecha Salarial entre hombres y mujeres. Se presentan resultados preliminares del proyecto I+D BridgeS,que pone el foco en el modo en que distintos contextos y culturas organizativas pueden favorecer o constituir barreras para dichas políticas. Se analizan datos de la Encuesta de Estructura Salarial,para evidenciar la heterogeneidad de patrones que dibuja la Brecha para distintos colectivos dentro del mercado de trabajo. Argumentando la pertinencia de tomar el sector de actividad como espacio privilegiado de análisis y de implementación de políticas, se construye una tipología de sectores representativa de la diversidad de contextos de empleo de las mujeres. Con base en dicha tipología, se presenta la selección de sectores clave para su análisis en profundidad, junto con un primer análisis exploratorio. Se finaliza con algunas reflexiones acerca de las barreras y dificultades para la intervención pública en este ámbito.</subfield>
   </datafield>
   <datafield tag="653" ind2=" " ind1=" ">
      <subfield code="a">Política pública</subfield>
   </datafield>
   <datafield tag="653" ind2=" " ind1=" ">
      <subfield code="a">Igualtat salarial</subfield>
   </datafield>
   <datafield tag="653" ind2=" " ind1=" ">
      <subfield code="a">Mercat de treball</subfield>
   </datafield>
   <datafield tag="653" ind2=" " ind1=" ">
      <subfield code="a">BS de género</subfield>
   </datafield>
   <datafield tag="653" ind2=" " ind1=" ">
      <subfield code="a">Políticas públicas</subfield>
   </datafield>
   <datafield tag="653" ind2=" " ind1=" ">
      <subfield code="a">Contextos organizativos</subfield>
   </datafield>
   <datafield tag="653" ind2=" " ind1=" ">
      <subfield code="a">Culturas organizativas</subfield>
   </datafield>
   <datafield ind2="0" ind1="0" tag="245">
      <subfield code="a">La intervención sobre la brecha salarial entre hombres y mujeres. Análisis de barreras institucionales, organizacionales y culturales</subfield>
   </datafield>
</record></metadata></record></GetRecord></OAI-PMH>